000 01442nam1a22003131i 4500
001 rc\2852410
005 20240726085211.0
035 _a(NLR Aleph) 007007196
090 _a5778428
_c5778428
100 _a20110705d1931 |||y0rusy50 ca
101 1 _arus
_cfre
102 _aRU
105 _ay z |||||
200 1 _aРуководство по патологии и терапии внутренних болезней
_fФ. Безансон, М. Лаббэ, Л. Бернар, Ж.А. Сикар
_gПер. с фр. под общ. ред. проф. М.П. Кончаловского
210 _aМосква
_aЛенинград
_cОгиз - гос. мед. изд.
_d1931
_e[Москва]
_g16-я тип. УПП Огиз
215 _d20×14 см
300 _aНа обороте доб. тит. л.: F. Besancon, Marcel Labbé, Léon Bernard, J.-A. Sicard. "Précis de pathologie médicale".
300 _aНа переплете авторы не указаны
300 _aВ коленкоровом переплете с золотым тиснением
513 0 0 _aPrécis de pathologie médicale
_zfre
701 1 _aБезансон
_bФ.
701 1 _aЛаббэ
_bМ.
701 1 _aБернар
_bЛ.
701 1 _aСикар
_bЖ.А.
702 1 _aКончаловский
_bМ.П.
_gМаксим Петрович
_4340
801 0 _aRU
_bNLR
_gpsbo
801 1 _aRU
_bELAR
_2rusmarc
852 _aNLR
_j31-17/426(3)
942 _cBOOK